Library of the University of Algiers 3
Ibrahim Sultan Cheibout
شعار جامعة الجزائر 3
مكتبة جامعة الجزائر 3
إبراهيم سلطان شيبوط

سندات المقارضة وأحكامها في الفقه الإسلامي : (رقم التسجيلة. 43089)

تفاصيل مارك
000 -LEADER
fixed length control field 01116nam a2200217Ia 4500
003 - CONTROL NUMBER IDENTIFIER
control field Ost
005 - DATE AND TIME OF LATEST TRANSACTION
control field 20260507075122.0
008 - FIXED-LENGTH DATA ELEMENTS--GENERAL INFORMATION
fixed length control field 260507s9999||||xx |||||||||||||| ||und||
040 ## - CATALOGING SOURCE
Transcribing agency fsecg
041 ## - LANGUAGE CODE
Language code of text/sound track or separate title ara
082 ## - DEWEY DECIMAL CLASSIFICATION NUMBER
Classification number 330
100 ## - MAIN ENTRY--PERSONAL NAME
Personal name جبر اسماعيل، عمر مصطفى
Relator term مؤلف
245 #0 - TITLE STATEMENT
Title سندات المقارضة وأحكامها في الفقه الإسلامي :
Remainder of title دراسة مقارنة تطبيقية /
Statement of responsibility, etc. عمر مصطفى جبر اسماعيل
260 ## - PUBLICATION, DISTRIBUTION, ETC.
Place of publication, distribution, etc. عمان:
Name of publisher, distributor, etc. دار النفائس,
Date of publication, distribution, etc. 2006
300 ## - PHYSICAL DESCRIPTION
Extent 252 صفحة؛
Dimensions 24 سم
520 ## - SUMMARY, ETC.
Summary, etc. تعريف أسواق الأوراق المالية وأحكامها وتعريف المضاربة وأحكامها-تطبيقات المضاربة الحديثة:سندات المقارضة-تطبيقات المضاربة الحديثة-سندات المقارضة الأردنية نموذجا-حجم تطبيق سندات المقارضة ودورها الإقتصادي والتنموي
653 ## - INDEX TERM--UNCONTROLLED
Uncontrolled term أحكام المقارضة
653 ## - INDEX TERM--UNCONTROLLED
Uncontrolled term المقارضة
653 ## - INDEX TERM--UNCONTROLLED
Uncontrolled term سندات المقارضة
942 ## - ADDED ENTRY ELEMENTS (KOHA)
Koha item type كتب
المقتنيات
Withdrawn status Lost status Source of classification or shelving scheme Damaged status Not for loan Home library Current library Date acquired Serial enumeration / chronology Inventory number Total checkouts Full call number Barcode Date last seen Price effective from Koha item type
    Dewey Decimal Classification   NOT LOAN / إعارة داخلية مكتبة كلية العلوم الإقتصادية والعلوم التجارية وعلوم التسيير مكتبة كلية العلوم الإقتصادية والعلوم التجارية وعلوم التسيير 07/05/2026 الطابق الأرضي 2013/1   أ/2013ن1 2013/1 07/05/2026 07/05/2026 كتب
    Dewey Decimal Classification   Available مكتبة كلية العلوم الإقتصادية والعلوم التجارية وعلوم التسيير مكتبة كلية العلوم الإقتصادية والعلوم التجارية وعلوم التسيير 07/05/2026 الطابق الأرضي 2013/2   أ/2013ن2 2013/2 07/05/2026 07/05/2026 كتب
    Dewey Decimal Classification   Available مكتبة كلية العلوم الإقتصادية والعلوم التجارية وعلوم التسيير مكتبة كلية العلوم الإقتصادية والعلوم التجارية وعلوم التسيير 07/05/2026 الطابق الأرضي 2013/3   أ/2013ن3 2013/3 07/05/2026 07/05/2026 كتب
    Dewey Decimal Classification   Available مكتبة كلية العلوم الإقتصادية والعلوم التجارية وعلوم التسيير مكتبة كلية العلوم الإقتصادية والعلوم التجارية وعلوم التسيير 07/05/2026 الطابق الثاني 2013/4   أ/2013ن4 2013/4 07/05/2026 07/05/2026 كتب
    Dewey Decimal Classification   Available مكتبة كلية العلوم الإقتصادية والعلوم التجارية وعلوم التسيير مكتبة كلية العلوم الإقتصادية والعلوم التجارية وعلوم التسيير 07/05/2026 الطابق الثاني 2013/5   أ/2013ن5 2013/5 07/05/2026 07/05/2026 كتب

موارد الويب المفتوحة


© University of Algiers 3 All Rights Reserved
|
Implemented by LECHELAH Riad